| 000 | 00694nam a22002177a 4500 | ||
|---|---|---|---|
| 003 | 0 | ||
| 005 | 20250926133545.0 | ||
| 008 | 250926b xxu||||| |||| 00| 0 eng d | ||
| 020 | _a978-1-266-19186-2 | ||
| 050 |
_aHD 30.28 _b.R68 2024 |
||
| 100 |
_aRothaermel, Frank T., _eauthor. |
||
| 245 |
_aStrategic management / _cFrank T. Rothaermel. |
||
| 250 | _aSixth edition. | ||
| 260 |
_aNew York, NY : _bMcGraw Hill LLC, _c2024. |
||
| 300 |
_axxix, various pagination : _bcolored illustrations ; _c25 cm. |
||
| 504 | _aIncludes bibliographical references and index. | ||
| 650 | _aStrategic planning. | ||
| 650 | _aStrategic management. | ||
| 650 | _aIndustrial management. | ||
| 942 |
_2lcc _cBK |
||
| 999 |
_c368109 _d368109 |
||